000 002650000a22000970004500
100 1 _aLopes, Nicodemus Augustus
245 1 0 _aLa confesionalidad : ¿Permisiva o estricta?
300 _aVol. 3, Núm 1 (2001), Páginas 11-18
773 0 _tReforma Siglo 21
942 _cANA
999 _c52906
_d52906